01541nam a22003497a 450000500170000000800410001702000180005804100080007604400070008408200180009124501740010926000990028330000320038250400530041450500230046750500410049050500250053150500910055650500450064754600330069265000510072565000420077665000340081865000340085265000390088665000160092565000170094165100330095865100770099170000420106871000810111020140830115712.0010620m20139999ck ab frb 001 0 spa d a9789587615067 aspa ack04a574.52bC718c00aColombia diversidad biótica XIII : bComplejo cenagoso Zapatosa y ciénagas del Sur del Cesar - biodiversidad, conservación y manejo :ceditor J. Orlando Rangel Ch. aBogotábUniversidad Nacional de Colombia. Instituto de Ciencias Naturales.bCorpocesarc2013 a707 p.bil., mapas.c25 cm. aIncluye referencias bibliográficas e índices aAspectos Físicos aCambios históricos-paleoecología aFlora y vegetación aCaracterización palinológica de la familia melastomataceae en el Caribe colombiano aBatometía, hidrología y limnología aCon resúmenes en inglés.17aDiversidad biológicazCesar (Dpt. Colombia).17aBiodiversidadzCesar (Dpt. Colombia).17aFlorazCesar (Dpt. Colombia).17aFaunazCesar (Dpt. Colombia).17aEcologíazCesar (Dpt. Colombia).17aBatimetía17aLimnología 4aColombiazCiénaga Zapatosa 4aColombiazCiénagas Musanda, Costilla, Congo, Juncal, Baquero, El Sordo1 aRangel Churio, Jesús O.d1950-eed.2 aUniversidad Nacional de Colombia (Bogotá)bInstituto de Ciencias Naturales